History Quiz

Random History or Famous Quiz
Score 0/18 Timer 05:00
0 Plays Today
Person Y or N? % Correct
Eva Perón???
71.5%
Albert Einstein???
68.2%
Benazir Bhutto???
67.4%
Richard Nixon???
66.9%
Napoléon Bonaparte???
65.3%
Queen Victoria???
63%
Ingrid Bergman???
62%
Mother Teresa???
59.9%
J.S. Bach???
59.6%
Person Y or N? % Correct
Ludwig van Beethoven???
58.3%
William Shakespeare???
57.7%
George Washington???
57.4%
Mao Zedong???
55%
King Kamehameha I???
54%
Plato???
53%
Thomas Jefferson???
52.7%
Joan of Arc???
45%
Otto von Bismarck???
44.6%

You're not logged in!

Compare scores with friends on all Sporcle quizzes.
OR
Log In

Sporcle TV

Today on Sporcle TV


Watch our educational content, quiz creation guides, and fun videos on Sporcle TV.

Show Comments

Extras

Top Quizzes Today


Score Distribution

Paid Content

Your Account Isn't Verified!

In order to create a playlist on Sporcle, you need to verify the email address you used during registration. Go to your Sporcle Settings to finish the process.

Report this User

Report this user for behavior that violates our Community Guidelines.

Details: